Expository preaching : (Record no. 565)

MARC details
000 -LEADER
fixed length control field 00688cam a2200217 a 4500
001 - CONTROL NUMBER
control field 0000000580
005 - DATE AND TIME OF LATEST TRANSACTION
control field 20140825163922.0
008 - FIXED-LENGTH DATA ELEMENTS--GENERAL INFORMATION
fixed length control field 940815s1995 tnu b 001 0 eng
010 ## - LIBRARY OF CONGRESS CONTROL NUMBER
LC control number 94035074
020 ## - INTERNATIONAL STANDARD BOOK NUMBER
International Standard Book Number 0805421165
040 ## - CATALOGING SOURCE
Original cataloging agency DLC
Transcribing agency DLC
Modifying agency PUL
050 ## - LIBRARY OF CONGRESS CALL NUMBER
Classification number BV4211.2
Item number .B77 1995
100 1# - MAIN ENTRY--PERSONAL NAME
Personal name Bryson, Harold T.
245 10 - TITLE STATEMENT
Title Expository preaching :
Remainder of title the art of preaching through a book of the Bible /
Statement of responsibility, etc Harold T. Bryson.
260 ## - PUBLICATION, DISTRIBUTION, ETC. (IMPRINT)
Place of publication, distribution, etc Nashville, Tenn. :
Name of publisher, distributor, etc Broadman & Holman,
Date of publication, distribution, etc c1995.
300 ## - PHYSICAL DESCRIPTION
Extent vii, 437 p. ;
Dimensions 24 cm.
504 ## - BIBLIOGRAPHY, ETC. NOTE
Bibliography, etc Includes bibliographical references (p. 409-418) and indexes.
630 00 - SUBJECT ADDED ENTRY--UNIFORM TITLE
Uniform title Bible
General subdivision Homiletical use.
650 #0 - SUBJECT ADDED ENTRY--TOPICAL TERM
Topical term or geographic name as entry element Preaching.
908 ## - PUT COMMAND PARAMETER (RLIN)
Put command parameter 041110
Holdings
Withdrawn status Lost status Source of classification or shelving scheme Damaged status Not for loan Home library Current library Date acquired Source of acquisition Total Checkouts Full call number Barcode Date last seen Date checked out Price effective from Koha item type
    Library of Congress Classification     Presbyterian University of East Africa - Main Library Presbyterian University of East Africa - Main Library 26/12/2012 Donation 2 BV4211.2 .B77 1995 020010000597 07/10/2023 14/09/2023 26/12/2012 General circulation books
© Customized & Maintained by Eunice Ngesa